000 00535nam a2200217Ia 4500
003 OSt
005 20220918231841.0
006 a|||||r|||| 00| 0
007 ta
008 220917b |||||||| |||| 00| 0 eng d
024 _a351,042
037 _cTextual
040 _aARTS
_cARTS
_beng
041 _2eng
_aeng
082 _aO111, P2
100 _aNaddaff Ramona A Au.
_9155869
245 0 _aExiling the poets
260 _c2002
942 _hO111, P2
_cTEXL
_2CC
999 _c292519
_d292519